000 00610nam a2200217 a 4500
001 771
003 CO-ViMGA
008 141112s2004 ck r 000 u spa d
040 _aCO-ViMGA
_bspa
_cCO-ViMGA
082 _a853.3 M168p
100 1 _aMaquiavelo, Nicolás
_94937
245 1 0 _aEl principe
260 _aSantafé de Bogotá :
_bNorma,
_c1996
300 _a123, 113 p
490 _aCara y cruz
500 _aEncuadernado con A propósito de Nicolás Maquiavelo y su obra.
590 _aEjemplares : 2
650 1 4 _aMAQUIAVELO, NICOLAS
_94938
650 1 4 _aNOVELA ITALIANA
_92688
942 _2ddc
_cBK
999 _c10516
_d10516